01286nab a22002297a 4500999001500000003000400015005001700019008004100036040000700077100003700084245010000121300001500221500003800236505039900274505010600673650002800779650001900807650002600826650003500852773015600887942001301043 c6243d6243OSt20260127192805.0190514b xxu||||| |||| 00| 0 spa d cPJ 96754aJaremczuk, Cinthia Tamara 13aLa procedencia del reclamo de alimentos hacia progenitor/a afín /cCinthia Tamara Jaremczuk.  ap. 142-145 aCita: TR LALEY AR/DOC/1591/2025.  aSumario: I. Del planteo del caso.— II. Visibilización de nuevas realidades familiares. Obligación alimentaria del progenitor afín. Su regulación legal.— III. ¿Qué entiende el Código entonces por subsidiaria?— IV. Conforme al caso, ¿qué ocurre en el caso de cese de la convivencia? ¿Continúa o cesa la obligación alimentaria del progenitor afín?— V. Conclusión.  tFallo comentado: STJ Corrientes ~ 10/02/2025 ~ P. L. A. c. P. L. A. s/ alimentos (progenitor afín). 09967aDERECHO DE FAMILIA 09968aALIMENTOS 094103aPROGENITOR AFIN 091057aJURISPRUDENCIA APLICABLE0 0284493222dBuenos Aires : AbeledoPerrot, 1989-tDerecho de familia. Revista Interdisciplinaria de doctrina y jurisprudencia. Agosto 2025-IV.z18511201 2udccANA